| 000 | 00544 a2200181 4500 | ||
|---|---|---|---|
| 003 | OSt | ||
| 005 | 20240119094954.0 | ||
| 008 | 240119b |||||||| |||| 00| 0 eng d | ||
| 020 | _a9788182711002 | ||
| 040 | _coclc | ||
| 082 |
_a954.83 _bMEN/M |
||
| 100 |
_aMenon, M P S _96846 |
||
| 245 |
_aMalabar Samaram MP Narayana Menonum Sahapravarthakarum / _cM.P.S. Menon |
||
| 250 | _a3rd ed. | ||
| 260 |
_aKozhikode: _bIslamic Publishing House, _c2020. |
||
| 300 | _a240p. | ||
| 942 |
_2ddc _cBK _h954.83 _iMEN/M _k954.83 _mMEN/M |
||
| 999 |
_c43257 _d43257 |
||